Gravity / (Record no. 6411)

MARC details
000 -LEADER
fixed length control field 01128cam a2200349 a 4500
001 - CONTROL NUMBER
control field 6411
003 - CONTROL NUMBER IDENTIFIER
control field FISKH
005 - DATE AND TIME OF LATEST TRANSACTION
control field 20250429102728.0
008 - FIXED-LENGTH DATA ELEMENTS--GENERAL INFORMATION
fixed length control field 981203s1999 nyua b 000 0 eng
010 ## - LIBRARY OF CONGRESS CONTROL NUMBER
LC control number 98053318
020 ## - INTERNATIONAL STANDARD BOOK NUMBER
International Standard Book Number 0439081270 (pbk. : alk. paper)
020 ## - INTERNATIONAL STANDARD BOOK NUMBER
International Standard Book Number 9780439081276
040 ## - CATALOGING SOURCE
Original cataloging agency DLC
Transcribing agency DLC
Modifying agency DLC
Language of cataloging eng
050 ## - LIBRARY OF CONGRESS CALL NUMBER
Classification number QC178 .C175
082 ## - DEWEY DECIMAL CLASSIFICATION NUMBER
Classification number 531.14
100 1# - MAIN ENTRY--PERSONAL NAME
Personal name Canizares, Susan,
Dates associated with a name 1960-
245 10 - TITLE STATEMENT
Title Gravity /
Statement of responsibility, etc. Susan Canizares, Daniel Moreton.
260 ## - PUBLICATION, DISTRIBUTION, ETC.
Place of publication, distribution, etc. New York :
Name of publisher, distributor, etc. Scholastic,
Date of publication, distribution, etc. 1999.
300 ## - PHYSICAL DESCRIPTION
Extent 12 unnumbered pages :
Other physical details color illustrations ;
Dimensions 18 x 21 cm
440 #0 - SERIES STATEMENT/ADDED ENTRY--TITLE
Title Science emergent readers
505 ## - FORMATTED CONTENTS NOTE
Formatted contents note C<br/><br/>
520 ## - SUMMARY, ETC.
Summary, etc. Simple text and photographs present the effects of gravity in making things come down, from falling seeds to dripping wax.
521 8# - TARGET AUDIENCE NOTE
Target audience note 100<br/>
Source Lexile estimate <br/>
521 8# - TARGET AUDIENCE NOTE
Target audience note C<br/>
Source Raz-Plus
650 #0 - SUBJECT ADDED ENTRY--TOPICAL TERM
Topical term or geographic name entry element Gravitation
General subdivision Juvenile literature.
650 #0 - SUBJECT ADDED ENTRY--TOPICAL TERM
Topical term or geographic name entry element Gravity
General subdivision Juvenile literature.
650 #1 - SUBJECT ADDED ENTRY--TOPICAL TERM
Topical term or geographic name entry element Gravity.
700 1# - ADDED ENTRY--PERSONAL NAME
Personal name Moreton, Daniel.
Relator term Author
906 ## - LOCAL DATA ELEMENT F, LDF (RLIN)
a 7
b cbc
c orignew
d 1
e ocip
f 19
g y-gencatlg
942 ## - ADDED ENTRY ELEMENTS (KOHA)
Source of classification or shelving scheme Dewey Decimal Classification
Koha item type Books
Suppress in OPAC No
Holdings
Withdrawn status Lost status Source of classification or shelving scheme Damaged status Not for loan Collection Home library Current library Shelving location Date acquired Total Checkouts Full call number Barcode Date last seen Date last checked out Copy number Price effective from Koha item type
    Library of Congress Classification     Non-Fiction Footprints International School Library Network Toul Kork Campus Footprints International School Library Network Toul Kork Campus TK Primary Library Room(4th Floor), Bookcase 7, Shelves 57-60, Dark Green Books 04/29/2025 2 CAN 531.14 QC178 .C175 FISBK05930 04/28/2026 04/01/2026 1 04/29/2025 Books